Negatívne aspekty zlučovania obcí v rámci komunálnych reforiem – perspektíva na príklade Slovenskej republiky

Komunálna reforma, východiská a dôvody jej realizácie. Zlučovanie obcí v rámci komunálnych reforiem a jeho možné dôsledky. Fungovanie miestnej komunity. Prístup k miestnej správe. Inštitucionálne problémy a ekonomické problémy.

Uložené v:
Podrobná bibliografia
Hlavný autor: Klobučník, Michal
Ďalší autori: Bačík, Vladimír, Matiašová, Mária, Fila, Roman
Médium: Kapitola
Jazyk:Slovak
Predmet:
Tagy: Pridať tag
Žiadne tagy, Buďte prvý, kto otaguje tento záznam!

MARC

LEADER 00000naa a2200000 4500
001 0247508
005 20221104112403.5
041 0 |a slo 
044 |a SK 
245 1 0 |a Negatívne aspekty zlučovania obcí v rámci komunálnych reforiem – perspektíva na príklade Slovenskej republiky  |c Michal Klobučník, Vladimír Bačík, Mária Matiašová, Roman Fila 
520 |a Komunálna reforma, východiská a dôvody jej realizácie. Zlučovanie obcí v rámci komunálnych reforiem a jeho možné dôsledky. Fungovanie miestnej komunity. Prístup k miestnej správe. Inštitucionálne problémy a ekonomické problémy. 
610 2 0 |a politika komunálna 
610 2 0 |a reformy 
610 2 0 |a konsolidácia 
610 2 0 |a správa miestna 
610 2 0 |a správa verejná 
610 2 0 |a Slovensko 
610 2 0 |a obce 
100 1 |a Klobučník, Michal 
700 1 |a Bačík, Vladimír 
700 1 |a Matiašová, Mária 
700 1 |a Fila, Roman